Statistics for Celebrities with Food or Drink Names by Picture

Click here to take the quiz!

General Stats

  • This quiz has been taken 122 times
  • The average score is 4 of 14

Answer Stats

Answer% Correct
Amy Winehouse
91%
Spice Girls
66%
Kevin Bacon
62%
Condoleezza Rice
43%
Keith Lemon
32%
Meat Loaf
30%
Vanilla Ice
23%
Brie Larson
21%
Nicola Sturgeon
21%
Sugar Ray Leonard
11%
Marc Almond
10%
Peaches Geldof
8%
Neneh Cherry
6%
Ginger Rogers
5%

Score Distribution

Percentile by Number Answered

Percent of People with Each Score

Your Score History

You have not taken this quiz